000
00304nam a2200121Ia 4500
008
241028s9999 xx 000 0 und d
041
_a
eng
082
_a
613.71 MIS
100
_a
Mishra
245
_a
Move Forward & Stay Involved
260
_b
Raghav Books
_a
Ghaziabad U.P
_c
2020
300
_a
232;. P. 22 cm
999
_c
42807
_d
42807